Mithoo hamara zinda bad/ (Record no. 614921)

000 -LEADER
fixed length control field 00325nam a22001217a 4500
020 ## - INTERNATIONAL STANDARD BOOK NUMBER
International Standard Book Number 9789690021656
082 ## - DEWEY DECIMAL CLASSIFICATION NUMBER
Classification number 891.439
Author Mark CHI
245 ## - TITLE STATEMENT
Title Mithoo hamara zinda bad/
Remainder of title مٹھو ہمارا زندہ باد
260 ## - PUBLICATION, DISTRIBUTION, ETC.
Place of publication, distribution, etc. اہور:
Name of publisher, distributor, etc. فیروز سنز لمیٹڈ,
Date of publication, distribution, etc. 2010.
300 ## - PHYSICAL DESCRIPTION
Extent 112p. ;
563 ## - BINDING INFORMATION
Binding note PB
942 ## - ADDED ENTRY ELEMENTS (KOHA)
Source of classification or shelving scheme
Koha item type Book
Holdings
Withdrawn status Lost status Source of classification or shelving scheme Damaged status Not for loan Permanent Location Current Location Shelving location Date acquired Source of acquisition Total Checkouts Full call number Barcode Date last seen Date last checked out Price effective from Koha item type
          Central Library (CL) Central Library (CL) Children Section 09/26/2025 Donated by Children - Summer Camp, 2025. 1 891.439 CHI CL-CS-47 01/30/2026 11/09/2025 09/26/2025 Children Section
© 2023 Central Library, National University of Sciences and Technology. All Rights Reserved.